| 000 | 01197nam a2200301 a 4500 | ||
|---|---|---|---|
| 005 | 20080616100023.0 | ||
| 008 | 070814s2007 ii 001 0 eng | ||
| 010 | _aENG-91541 | ||
| 020 |
_a9780195696677 _c275.00 |
||
| 020 |
_a0195696670 _c275.00 |
||
| 035 | _aEN-75074 | ||
| 037 | _bDBAD / PUB | ||
| 040 |
_adpl _bEnglish |
||
| 082 | _a305.230954 | ||
| 100 | _aKakar, Sudhir | ||
| 245 |
_aThe inner world: _cby Sudhir Kakar _ba psychoanalytic study of childhood and society in India / |
||
| 250 | _a3rd ed | ||
| 260 |
_aNew Delhi _bOxford University Press, _c2008 |
||
| 270 |
_aYMCA Library Building , Jai Singh Road, _bNew Delhi _e110001 |
||
| 300 |
_aviii, 243p. _c23 cm (Hb) |
||
| 500 | _aIncludes bibliographical references and index | ||
| 520 | _aContributed articles chiefly with reference to India. | ||
| 650 |
_aPersonality and culture _zIndia |
||
| 650 |
_aChild psychology _zIndia |
||
| 650 |
_aPsychoanalysis and culture _zIndia |
||
| 942 |
_2ddc _cEN _mKAK _h305.230954 |
||
| 999 |
_c18128 _d18128 |
||